Education in Indonesia rising to the challenge

Salvato in:
Dettagli Bibliografici
Natura: Libro
Lingua:inglese
Pubblicazione: Paris OECD/ADB 2015
Serie:Reviews of national policies for education
Soggetti:
Tags: Aggiungi Tag
Nessun Tag, puoi essere il primo ad aggiungerne!!

MARC

LEADER 00000nam a2200000 4500
001 0210560
005 20240314122849.3
020 |a 978-92-64-23074-3 
041 0 |a eng 
044 |a FR 
245 1 0 |a Education in Indonesia  |b rising to the challenge 
264 1 |a Paris  |b OECD/ADB  |c 2015 
300 |a 331 s. 
490 1 |a Reviews of national policies for education 
830 0 |a Reviews of national policies for education 
610 2 0 |a školstvo 
610 2 0 |a školy základné 
610 2 0 |a vzdelávanie 
610 2 0 |a kvalita vzdelávania 
610 2 0 |a výchova 
610 2 0 |a efektívnosť 
610 2 0 |a učitelia 
610 2 0 |a študenti 
610 2 0 |a deti 
610 2 0 |a seniori 
610 2 0 |a vzdelávanie ďalšie 
610 2 0 |a vzdelávanie celoživotné 
610 2 0 |a vedenie 
610 2 0 |a financovanie 
610 2 0 |a politika vzdelávania 
610 2 0 |a Indonézia